| 000 | 00455nam a2200181Ia 4500 | ||
|---|---|---|---|
| 003 | GCL | ||
| 008 | 140319s9999 xx 000 0 eng d | ||
| 040 |
_aGCL / _cGCL |
||
| 082 | 0 | 4 |
_a843 _bP Q |
| 100 | 1 | _aPIRANDELLO, LUIGI | |
| 245 | 1 | 0 |
_aQUI SAIT LA VERITE ? / _cPIRANDELLO, LUIGI |
| 260 |
_a[S.N] : _bLE LIVRE DE POCHE ، _c1994 |
||
| 300 | _a118 P | ||
| 650 | 0 | 4 | _aLITERATURE |
| 650 | 0 | 4 | _aTHEATER |
| 650 | 0 | 4 | _aFRENCH LITERATURE |
| 942 |
_2ddc _cBK |
||
| 999 |
_c23412 _d23412 |
||